000 01847cam a2200289 a 4500
999 _c526
_d526
003 AR-BaISA
005 20190326164330.0
007 ta
008 170321s2016 ag a b 000 0 spa d
020 _a9789876145282
040 _cAR-BaISA
082 0 4 _222
_a361.61 F275
245 0 0 _aRepensar la inclusión social:
_bpolíticas públicas y sociedad civil en la Argentina (1991-2006) /
_cCompilado por Eleonor Faur
260 _aBuenos Aires:
_bCapital Intelectual /
_bFundación Tzedaká,
_c2016
300 _a219 p.:
_bil.;
_c23 cm.
336 _atext
_2rdacontent
337 _aunmediated
_2rdamedia
338 _avolume
_2rdacarrier
504 _aBibliografía al final de cada capítulo
505 _tFundación Tzedaká : un modelo de intervención social integral --
_tGabriel Kessler / Ideas y acciones en un contexto de cambio constante --
_tMario Roitter / El aporte de las organizaciones de la sociedad civil y los voluntarios al bienestar en Argentina --
_tInés Dusssel / El rol de las organizaciones sociales en las políticas de inclusión socioeducativa (1991-2015) --
_tClaudia Jacinto / Redefiniendo la empleabilidad en los progrmas de formación e inserción laboral de jóvenes: el rol de las organizaciones de la sociedad civil --
_tSilvia Gascón / Políticas sociales y adultos mayores en Argentina --
_tFederico Tobar / Avances y desafíos en la construcción del acceso a los medicamentos en Argentina --
_tDaniel Arroyo / El desafío de un segunda generación de políticas sociales
650 1 4 _aOrganizaciones sin ánimo de lucro
_zArgentina
_91307
650 1 4 _aServicio social
_zArgentina
_9776
651 1 4 _aArgentina
_xpolíticas públicas
_93
700 1 _aFaur, Eleonor
_ecomp.
_91308
856 4 1 _uhttp://core.cambeiro.com.ar/0-184817-0.pdf
_yAcceda a la tabla de contenido e introducción
942 _2ddc
_cLI